| 000 | 00557nam a2200193Ia 4500 | ||
|---|---|---|---|
| 001 | 60064 | ||
| 008 | 160723n ii |||gr||||Z||||||465 | ||
| 020 | _a81-7635-286-1 | ||
| 082 | _a001.64 | ||
| 100 | _aTechmedia. | ||
| 245 | 0 |
_aSAMs Teach Yourself Microsoft Excel 2000 in 24 Hours _cBy Techmedia _hTextual Documents |
|
| 250 | _aFirst--1999. | ||
| 260 |
_aNew Delhi: _bTechmedia. |
||
| 300 |
_a477pg: _c30cm. |
||
| 653 | _acomputer | ||
| 653 | _aSAMs Teach Yourself Microsoft Excel 2000 in 24 Hours | ||
| 653 | _aG-Computer Science | ||
| 942 |
_2ddc _cBK |
||
| 999 |
_c59938 _d59938 |
||